000 00951nam a2200301 i 4500
001 017718471
003 Uk
005 20161222151136.0
008 160119s2016 nyua frb |0|1 0|eng d
010 _a2015936575
020 _a9781681172132 (cased)
020 _a1681172135 (cased)
040 _aUk
_beng
_cUk
_dNNfCLS
_dUk
_dEG-ScBUE
042 _aukblsr
082 0 4 _222
_a620.11223
_bCOR
245 0 0 _aCorrosion and corrosion control /
_ceditor, Vikas Saini.
260 _aValley Cottage, New York :
_bScitus Academics LLC,
_c2016.
300 _avi, 233 p. :
_bill. (black and white) ;
_c18 cm.
500 _aIndex : p. 231-233.
504 _aIncludes bibliographical reference.
504 _aCitations : p. 227-229.
590 _aWessam
650 7 _aCorrosion and anti-corrosives.
_2BUEsh
_93623
651 _2BUEsh
653 _bENGPET
_cDecember2016
700 1 _aSaini, Vikash‏
_eeditor.
_941753
942 _2ddc
_e22
_k620.11223 COR
999 _c23716
_d23688